Kanta-Hämeen kunnat kartalla - Statistics

Yleistilastot
  • Tätä visaa on pelattu 10 292 kertaa
  • Keskiarvotulos 7 / 11
Vastaukset kartalla
Vastauksille on annettu kartalla punavihreä väri sen mukaan, kuinka moni on saanut sen oikein.
 
Vastaustilastot
Vaakuna Väkiluku Kunta % Oikein
v 68 421 Hämeenlinna
98%
v 16 475 Forssa
81%
v 28 663 Riihimäki
80%
v 9 369 Hattula
73%
v 16 029 Janakkala
65%
v 7 670 Loppi
60%
v 5 841 Tammela
60%
v 2 096 Humppila
59%
v 4 879 Jokioinen
55%
v 2 189 Ypäjä
55%
v 7 888 Hausjärvi
53%
Ehtoja vastaavia visoja ei löytynyt
Tulosjakauma
Jokaisen tuloksen saaneiden osuus
Persentiili vastausten määrän mukaan
Tuloshistoriasi
Et ole pelannut tätä visaa